00415nam a2200169Ia 4500003000400000005001700004008004100021040000700062041000800069082002300077100003600100245001900136260004500155365001200200650001400212650001900226OSt20230516111233.0210423s1990 xx 000 0 und d cAL aeng a338.954 223bDATI aDATT (Ruddar);SUNDHARAM (K P M) aIndian economy aNew DelhibOxford University Pressc1990 b16cINR aEconomics aIndian Economy